|
|
|
|
| LEADER |
02952nam a2200637 4500 |
| 001 |
978-3-030-31069-1 |
| 003 |
DE-He213 |
| 005 |
20191116072722.0 |
| 007 |
cr nn 008mamaa |
| 008 |
191116s2019 gw | s |||| 0|eng d |
| 020 |
|
|
|a 9783030310691
|9 978-3-030-31069-1
|
| 024 |
7 |
|
|a 10.1007/978-3-030-31069-1
|2 doi
|
| 040 |
|
|
|d GrThAP
|
| 050 |
|
4 |
|a HV6772-6773.3
|
| 072 |
|
7 |
|a JKV
|2 bicssc
|
| 072 |
|
7 |
|a SOC004000
|2 bisacsh
|
| 072 |
|
7 |
|a JKV
|2 thema
|
| 072 |
|
7 |
|a LNQE
|2 thema
|
| 082 |
0 |
4 |
|a 364.168
|2 23
|
| 100 |
1 |
|
|a Brewer, Russell.
|e author.
|4 aut
|4 http://id.loc.gov/vocabulary/relators/aut
|
| 245 |
1 |
0 |
|a Cybercrime Prevention
|h [electronic resource] :
|b Theory and Applications /
|c by Russell Brewer, Melissa de Vel-Palumbo, Alice Hutchings, Thomas Holt, Andrew Goldsmith, David Maimon.
|
| 250 |
|
|
|a 1st ed. 2019.
|
| 264 |
|
1 |
|a Cham :
|b Springer International Publishing :
|b Imprint: Palgrave Pivot,
|c 2019.
|
| 300 |
|
|
|a XI, 150 p. 1 illus.
|b online resource.
|
| 336 |
|
|
|a text
|b txt
|2 rdacontent
|
| 337 |
|
|
|a computer
|b c
|2 rdamedia
|
| 338 |
|
|
|a online resource
|b cr
|2 rdacarrier
|
| 347 |
|
|
|a text file
|b PDF
|2 rda
|
| 490 |
1 |
|
|a Crime Prevention and Security Management
|
| 520 |
|
|
|a .
|
| 650 |
|
0 |
|a Computer crimes.
|
| 650 |
|
0 |
|a Crime prevention.
|
| 650 |
|
0 |
|a Juvenile delinquents.
|
| 650 |
|
0 |
|a Social policy.
|
| 650 |
|
0 |
|a Child psychology.
|
| 650 |
|
0 |
|a School psychology.
|
| 650 |
1 |
4 |
|a Cybercrime.
|0 http://scigraph.springernature.com/things/product-market-codes/1B7000
|
| 650 |
2 |
4 |
|a Crime Prevention.
|0 http://scigraph.springernature.com/things/product-market-codes/1BE010
|
| 650 |
2 |
4 |
|a Computer Crime.
|0 http://scigraph.springernature.com/things/product-market-codes/I28070
|
| 650 |
2 |
4 |
|a Youth Offending and Juvenile Justice.
|0 http://scigraph.springernature.com/things/product-market-codes/1B5000
|
| 650 |
2 |
4 |
|a Children, Youth and Family Policy.
|0 http://scigraph.springernature.com/things/product-market-codes/X33010
|
| 650 |
2 |
4 |
|a Child and School Psychology.
|0 http://scigraph.springernature.com/things/product-market-codes/Y12040
|
| 700 |
1 |
|
|a de Vel-Palumbo, Melissa.
|e author.
|4 aut
|4 http://id.loc.gov/vocabulary/relators/aut
|
| 700 |
1 |
|
|a Hutchings, Alice.
|e author.
|4 aut
|4 http://id.loc.gov/vocabulary/relators/aut
|
| 700 |
1 |
|
|a Holt, Thomas.
|e author.
|4 aut
|4 http://id.loc.gov/vocabulary/relators/aut
|
| 700 |
1 |
|
|a Goldsmith, Andrew.
|e author.
|4 aut
|4 http://id.loc.gov/vocabulary/relators/aut
|
| 700 |
1 |
|
|a Maimon, David.
|e author.
|4 aut
|4 http://id.loc.gov/vocabulary/relators/aut
|
| 710 |
2 |
|
|a SpringerLink (Online service)
|
| 773 |
0 |
|
|t Springer eBooks
|
| 776 |
0 |
8 |
|i Printed edition:
|z 9783030310684
|
| 776 |
0 |
8 |
|i Printed edition:
|z 9783030310707
|
| 776 |
0 |
8 |
|i Printed edition:
|z 9783030310714
|
| 830 |
|
0 |
|a Crime Prevention and Security Management
|
| 856 |
4 |
0 |
|u https://doi.org/10.1007/978-3-030-31069-1
|z Full Text via HEAL-Link
|
| 912 |
|
|
|a ZDB-2-LCR
|
| 950 |
|
|
|a Law and Criminology (Springer-41177)
|